000 00329 a2200109 4500
001 ART_28285
005 20260410161928.0
008 260409a
245 1 0 _aLa marcación de la víctima en el genocidio
100 1 _aMouratian, Pedro
773 0 _tDerechos humanos
_g- Año III, Nº 6/A (ene. 2015)
_wREV22278
999 _c28324
_d28324